|
|
|
|
| LEADER |
00000cam a2200000 7i4500 |
| 001 |
0000001253 |
| 005 |
20140330.0 |
| 020 |
0 |
0 |
|a 9251024510
|
| 090 |
0 |
0 |
|a 634.90285
|b GUI 1986
|
| 245 |
0 |
0 |
|a GUIDELINES for forestry information processing :
|b with particular reference to developing countries
|
| 260 |
0 |
0 |
|a Rome :
|b Food and Agriculture Organization of the United Nations ,
|c 1986
|
| 300 |
|
|
|a 105p. ;
|c 30 cm.
|
| 440 |
0 |
0 |
|a FAO forestry paper; v. 74
|
| 500 |
0 |
0 |
|a Based on the work of J.W. Roessel
|
| 650 |
0 |
0 |
|a Electronic data processing
|
| 650 |
0 |
0 |
|a Forests and forestry
|x Computer programmes
|
| 700 |
0 |
1 |
|a Roessel
|h J. W. van
|
| 710 |
1 |
1 |
|a Food and Agriculture Organization of the United Nations (FAO)
|
| 998 |
|
|
|a JPSM
|
| 999 |
|
|
|a 0000002159
|b Monograph
|c Food and Agriculture Organization
|e Default branch
|